Kraj Žilinský. Č. 17 /

Korporativní autor: Státní zeměměřický a kartografický ústav
Jazyk: Maďarština
Slovenština
Vydáno: Praha : Vydal státní zeměměř. a kartogr. ústav, 1950
Vydání: III. vydání
Edice: Mapy krajů 1:200 000 ; Č. 17, 1950
Mapy krajov 1:200 000 ; Č. 17, 1950
Témata:
Externí odkaz: Digitalizovaný dokument
Fyzický popis: 1 mapa : barevná ; 54 x 80 cm, na listu 69 x 88 cm
Mapy
Uloženo v:
LEADER 02455nem a2200565 i 4500
001 001713956
003 CZ BrMZK
005 20220411105809.0
007 aj|canzn
008 191029s1950 xr a 0| slo d
034 1 |a a  |b 200000  |d E0180200  |e E0201300  |f N0493920  |g N0484120 
040 |a BOA001  |b cze  |e rda 
041 0 |a slo  |a hun 
043 |a e-xo---  |a e-pl---  |a e-xr---  |b e-xr-zl  |b e-xr-mo  |2 czenas 
072 7 |a 913(437)  |x Geografie Česka a Slovenska, reálie, cestování  |2 Konspekt  |9 7 
072 7 |a 912  |x Mapy. Atlasy. Glóby  |2 Konspekt  |9 7 
072 7 |a 35.07  |x Organizace a řízení veřejné správy  |9 15 
072 7 |a 352/354  |x Stupně místní, oblastní a ústřední správy  |9 15 
080 |a 353.2  |2 MRF 
080 |a 35.071.5  |2 MRF 
080 |a (437.6)  |2 MRF 
080 |a (437.323)  |2 MRF 
080 |a (437.326)  |2 MRF 
080 |a (438)  |2 MRF 
080 |a (084.3)913  |2 MRF 
110 2 |a Státní zeměměřický a kartografický ústav  |7 mzk20181002757  |4 ctg  |4 pbl  |4 prt 
245 0 0 |a Kraj Žilinský.  |n Č. 17 /  |c Vydal a vytlačil státní zeměměř. a kartograf. ústav 
250 |a III. vydání 
255 |a Měřítko 1:200 000 ;  |b Stejnoploché Sansonovo zobrazenie  |c (E 18°02'00"--E 20°13'00"/N 49°39'20"--N 48°41'20") 
264 1 |a Praha :  |b Vydal státní zeměměř. a kartogr. ústav,  |c 1950 
264 3 |a Praha :  |b vytlačil státní zeměměř. a kartogr. ústav,  |c 1950 
300 |a 1 mapa :  |b barevná ;  |c 54 x 80 cm, na listu 69 x 88 cm 
336 |a kartografický obraz  |b cri  |2 rdacontent 
337 |a bez média  |b n  |2 rdamedia 
338 |a list  |b nb  |2 rdacarrier 
490 1 |a Mapy krajov 1:200 000 ;  |v Č. 17, 1950 
490 1 |a [Mapy krajů 1:200 000] ;  |v Č. 17, 1950 
500 |a Na rubu listu titul, informační text o kraji, statistiky a tabulky 
500 |a Další údaje: III. vydání (1950) ; Čís. výr. 79/50 
500 |a Dostupné též v digitální podobě v aplikaci Kramerius 
650 7 |a kraje  |7 ph121922  |2 czenas 
650 7 |a správní obvody  |7 ph172914  |2 czenas 
651 7 |a Žilinský kraj (Slovensko)  |7 ge452093  |2 czenas 
655 7 |a regionální mapy  |7 fd808073  |2 czenas 
830 0 |a Mapy krajů 1:200 000 ;  |v Č. 17, 1950 
830 0 |a Mapy krajov 1:200 000 ;  |v Č. 17, 1950 
856 4 1 |u http://www.digitalniknihovna.cz/mzk/uuid/uuid:2aac82e0-ffd0-11e9-a20e-005056827e51  |y Digitalizovaný dokument  |x NDK 
910 |a BOA001  |b Mpa-0255.654,17-50 
990 |a MP 
991 |b 201910